000 00606nam a22001937a 4500
999 _c11514
_d11514
003 AR-CdUCM
008 190404b ||||| |||| 00| 0 spa d
040 _aMUNICIPALIDAD PROVINCIAL DEL CUSCO
_cBIBLIOTECA MUNICIPAL DEL CUSCO
082 _aEP / 869.56 /
_bR62
100 _aRivera Cáceres, Nicanor
_917847
245 _aLa tragedia del maestro /
260 _aLima :
_bUnión,
300 _a65 paginas ;
_bIlustraciones,
_c21 cm.
505 _aContenido :Novelas de profesionales (Educadores) /
650 _aNovelas peruanas
_9545
650 _aSiglo XX
_98
942 _2ddc
_cLIBROS
945 _arjall